00675nam a2200229 a 4500001001300000003000900013005001700022008004100039020001000080082001500090245004800105260005100153300000900204500003500213505001300248650002400261710003400285902000800319942000700327952009600334999001500430nice12345678IN_TiNIC20260116012600.0050524s1874 alla grp 000 0 urd  ac10000a242.2bPRB aSuwal-I-Ruh Wa Jawab-I-Ilahi Az Kalam-Ullah aAllahabadbPunjab Religious Book Societyc1874 a195p aincludes index and biblioraphy2 aAppendix aPrayer-Christianity2 aPunjam Religious Book Society bSRS cBK 00104070aHMIbHMId2007-06-29g100.00l0o242.2 PRBp10948r2007-06-29w2026-01-16yARB c7542d7542